000 00328nam a2200097Ia 4500
008 220120s9999||||xx |||||||||||||| ||und||
100 _aAbhinandan and others
_912500
245 0 _aEnergy efficient in collabarative target tracking and detect
260 _aCoorg Institute of Technology
_bPonnampet
_c2014
650 _aCOMPUTER SCIENCE
999 _c138098
_d138098